000 01161nas a2200361 4500
001 BR2012002702
003 BR-BrBNA
005 20231205120447.0
007 ta
008 230509b bl.|||p| |||| 00| 00por d
040 _aBR-BrBNA
_bpor
_cBiblioteca Nacional de Agricultura
041 _a(Pt)
072 _aL73
100 1 _aLuciano, D.M.
100 1 _aMenezes, R.C.
100 1 _aFerreira, L.C.
100 1 _aNicolau, J.L.
100 1 _aNeves, L.B. das
100 1 _aLuciano, R.M.
100 1 _aDahroug, M.A.A.
100 1 _aAmendoeira, M.R.R.
245 1 _aSoroepidemiologia da toxoplasmose em caprinos e ovinos de três municípios do Estado do Rio de Janeiro
246 1 _aSeroepidemiology of toxoplasmosis in goats and sheep from three counties of Rio de Janeiro state, Brazil
650 _aCAPRINO
650 _aOVINO
650 _aTOXOPLASMOSE
650 _aDOENÇA ANIMAL
650 _aPROTOZOÁRIO
650 _aTOXOPLASMA GONDII
773 0 _tPesquisa Veterinária Brasileira (Brazil)
_xISSN 0100-736X
_g(Jul 2011), v. 31(7) p. 569-574
_wBR2012002702
909 _a202311
_bLúcia
_c55
_dLúcia Elande
942 _2AGRIS
_n0
_cANA
999 _c218615
_d218615